La oración de Jabes : (Registro nro. 10204)

Detalles MARC
000 -LIDER
fixed length control field 00916nam a22002777a 4500
001 - NÚMERO DE CONTROL
Identificador de número de control 00002416
003 - IDENTIFICACDOR DE NÚMERO DE CONTROL
control field DO-SdBPM
005 - DATE AND TIME OF LATEST TRANSACTION
control field 20250521132730.0
007 - CAMPOS FIJOS DE DESCRIPCIÓN FÍSICA
fixed length control field 00002416
008 - ELEMENTOS DE LONGITUD FIJA
fixed length control field 160524b 2001 cl 00| 0 spa d
020 ## - ISBN
International Standard Book Number 0789909480
040 ## - FUENTE DE CATALOGACIÓN
Agencia que crea de manera original el registro DO-SdBPM
Idioma de catalogación spa
Agencia que realiza la transcripción BPMSU
041 17 - CÓDIGOS DE OBRAS TRADUCIDAS O EN VARIOS IDIOMAS
Código del idioma del texto/archivo de sonido o separata spa
Cód. del idioma original y/o traducciones intermedias del texto eng
082 ## - NÚMERO DE CLASIFICACIÓN DECIMAL DE DEWEY
Classification number 241.2
Item number W686o 2001
Edition number 22
100 1# - ASIENTO PRINCIPAL -- NOMBRE PERSONAL
Nombre personal Wilkinson, Bruce
240 10 - TITULO UNIFORME
Título uniforme The prayer of Jabez.
Idioma de una obra Español
245 10 - MENCIÓN DE TITULO
Título La oración de Jabes :
Subtítulo cómo entrar a una vida de benedición /
Mención de responsabilidad Bruce H. Wilkinson ; traducido al español por, Pablo Barreto.
260 ## - PUBLICACIÓN, DISTRIBUCIÓN, ETC. (PIE DE IMPRENTA)
Lugar de publicación, distribución, etc Colombia :
Nombre del editor, distribuidor, etc. Unilit,
Fecha de publicación, distribución, etc 2001.
300 ## - DESCRIPCIÓN FÍSICA
Extensión 94 p. ;
Dimensiones 17 cm.
500 ## - NOTA GENERAL
Nota general Originalmente publicado en inglés con el título: The prayer of Jabez
590 ## - NOTA LOCAL
Texto de la nota local Inventariado, 2025/VM
650 #4 - ENCABEZAMIENTO DE MATERIA--TEMÁTICO
Término temático o nombre geográfico como elemento de entrada Religión
Subdivisión temática general Vida espiritual
700 1# - ASIENTO SECUNDARIO -- NOMBRE PERSONAL
Nombre personal Barreto, Pablo,
Mención de responsabilidad traductor
910 ## - VALIDACIÓN
Validación VMateo V. Control de calidad. BPMSU
942 ## - ADDED ENTRY ELEMENTS (KOHA)
Source of classification or shelving scheme Dewey Decimal Classification
Koha item type Libros
Existencias
Withdrawn status Lost status Source of classification or shelving scheme Damaged status Not for loan Collection code Home library Current library Date acquired Source of acquisition Total Checkouts Full call number Barcode Date last seen Price effective from Koha item type
    Dewey Decimal Classification     Colección Juvenil General Biblioteca Pública Metropolitana Salomé Ureña Biblioteca Pública Metropolitana Salomé Ureña 05/24/2016   BPMSU CG 241.2 W686o 2001 BPMSU16050430 05/24/2016 05/24/2016 Libros